[Event "1st 4NCL International Open"]
[Site "Telford"]
[Date "2018.10.30"]
[Round "1"]
[White "Ther, Mate"]
[Black "Ravi, Teja S."]
[Result "0-1"]
[WhiteElo "1759"]
[BlackElo "2357"]
[Annotator "TA"]
[PlyCount "42"]
[EventDate "2018.10.31"]
[EventType "swiss"]
[EventCountry "GBR"]
[SourceTitle "playchess.com"]
[Source "ChessBase"]
[SourceQuality "1"]

{[%evp 17,42,-20,8,0,12,-35,3,-23,-15,-85,-75,-170,-135,-332,-336,-591,-602,-605,-593,-878,-812,-864,-839,-1729,-1559,-29997,-29998]} 1. e4 c6 2. d4 d5 3. exd5 cxd5 4. Bd3 Nc6 5. c3 Qc7 6. Ne2 Bg4 7. f3 Bd7 8. Bf4 e5 {B13: Caro-Kann: Exchange Variation and Panov-Botvinnik Attack} 9. Bg3 Bd6 {LiveBook: 9 Games} 10. Qd2 $146 ({Predecessor:} 10. Na3 a6 11. Nc2 Nge7 12. Qd2 O-O 13. O-O b5 14. Kh1 Rfe8 15. Rae1 Nc8 16. dxe5 Nxe5 17. Bxe5 Rxe5 {0-1 (47) Toma,K (2258)-Howell,D (2685) England 2018}) 10... Nge7 {[%cal Bg8e7,Be7g6,Bg6e5,Be5d3][%mdl 32] The position is equal.} 11. Qg5 Ng6 12. O-O O-O 13. Rd1 (13. Qd2 $11) 13... Rae8 {[%cal Ba8e8,Be8e1,Be1f1][%mdl 32]} 14. dxe5 (14. Na3 $17) 14... Ngxe5 $19 15. Nd4 $2 (15. Qd2 $17) 15... Nxd4 {[#]} 16. cxd4 $2 (16. Bxh7+ $1 {[%mdl 512] was the only defense.} Kxh7 17. cxd4) 16... Nxd3 17. Bxd6 Qxd6 ({Worse is} 17... Qc2 18. Qd2 $11) 18. Rxd3 Re1+ 19. Kf2 Rfe8 {[%csl Ge1][%cal Re8e2]} 20. Rd2 Qxh2 {( -> ...Rf1+!)} 21. a3 {[#]} Rf1+ $1 {[%mdl 512] Precision: White =  9%, Black = 71%.} 0-1

[Event "1st 4NCL International Open"]
[Site "Telford"]
[Date "2018.11.02"]
[Round "2"]
[White "Korneev, Oleg"]
[Black "Kulkarni, Rakesh"]
[Result "1-0"]
[WhiteElo "2560"]
[BlackElo "2297"]
[Annotator "TA"]
[PlyCount "107"]
[EventDate "2018.10.31"]
[EventType "swiss"]
[EventCountry "GBR"]
[SourceTitle "playchess.com"]
[Source "ChessBase"]
[SourceQuality "1"]

{[%evp 14,107,66,62,70,38,43,32,59,43,37,18,18,15,18,27,24,15,72,96,296,291,292,291,276,300,292,304,295,295,266,281,306,265,255,245,241,249,234,229,245,265,246,245,370,369,361,290,439,427,416,410,410,406,435,411,404,312,812,726,783,702,997,986,986,887,4614,812,787,600,499,487,5081,3727,2206,1531,6115,6107,29981,29982,29982,29982,29982,29983,29983,29978,29979,29979,29988,29980,29980,29976,29987,29988,29988,29989]} 1. e4 c5 2. Nf3 e6 3. d4 cxd4 4. Nxd4 a6 5. Bd3 Ne7 6. O-O Nbc6 7. c3 {B42: Sicilian: Kan Variation: 5 Bd3} Ng6 8. Be3 {LiveBook: 3 Games} Be7 9. Nd2 {White is slightly better.} O-O $146 ({Predecessor:} 9... Qc7 10. f4 b5 11. a4 b4 12. Nxc6 dxc6 13. Nc4 O-O 14. Nb6 Rb8 {1-0 (28) Saric,I (2652)-Vitiugov,N (2726) Tallinn 2016}) 10. Qe2 Qc7 11. f4 {[%cal Bf2f4,Bf4f5][%mdl 32]} e5 12. Nxc6 bxc6 13. f5 Nf4 14. Bxf4 $1 exf4 15. e5 {Black should prevent f6.} Re8 (15... f6 $1 $11) 16. Nc4 $16 (16. Rxf4 Qb6+ 17. Kh1 Qxb2) 16... f6 $2 (16... Bf6 $16 {might work better.}) 17. Qh5 $18 ({But not} 17. Rxf4 $6 Rf8 $18) 17... Bc5+ 18. Kh1 Rxe5 19. Nxe5 Qxe5 20. Rae1 Be3 {[#]} 21. Rxf4 $1 {[%mdl 512]} g6 (21... Bxf4 22. Rxe5) 22. Rg4 {Threatens to win with Qh3.} d5 23. Qh3 Bxf5 24. Bxf5 $40 {[%mdl 128] Black is in trouble.} ({Not} 24. Qxe3 Bxg4 25. h3 (25. Qxe5 fxe5 26. Rxe5 Kf7 $11) 25... Bd7 $11) 24... Qxf5 25. Rg3 {Black must now prevent Qxf5.} Qxh3 26. Rxh3 {[%mdl 4096] Endgame KRR-KRB} ({And not} 26. gxh3 Bf2 $11) 26... d4 27. cxd4 Bxd4 28. Re7 Bxb2 (28... h5 $142 29. Rb3 Kf8) 29. Rhxh7 f5 30. Ra7 Rd8 (30... Rb8 {was necessary.} 31. Rhb7 Rxb7 32. Rxb7 Bd4) 31. Rhd7 {[%cal Rd7d8]} Re8 {[%cal Re8e1]} 32. Re7 {[%cal Re7e8]} Rd8 {( -> ...Rd1+)} 33. Rad7 Rxd7 34. Rxd7 {KR-KB} a5 35. Rc7 a4 $2 (35... Bd4 36. Rxc6 Kh7) 36. g3 a3 37. Kg2 Bd4 38. Kf3 Be5 39. Rxc6 Kf7 40. Ra6 (40. h4 $142 Bf6 41. Ra6) 40... Bb2 41. Ra7+ Kf6 42. h4 {[%cal Bh2h4,Bh4h5][%mdl 32]} Ke6 (42... Bc1 $142 43. Ra6+ Kg7) 43. Ra6+ Kf7 {[#]} 44. h5 $1 g5 (44... gxh5 45. Kf4) 45. g4 fxg4+ 46. Kxg4 {White mates.} Bc1 47. Kf5 Kg7 48. Rc6 Bd2 49. Rc2 Bf4 50. Rc3 Bd6 51. Kxg5 Be7+ 52. Kf5 Kh6 53. Rc6+ Kxh5 54. Rc7 {Precision: White = 74%, Black = 37%.} 1-0

[Event "1st 4NCL International Open"]
[Site "Telford"]
[Date "2018.11.02"]
[Round "2"]
[White "Gonda, Laszlo"]
[Black "Hebden, Mark L"]
[Result "1/2-1/2"]
[WhiteElo "2528"]
[BlackElo "2426"]
[Annotator "TA"]
[PlyCount "51"]
[EventDate "2018.10.31"]
[EventType "swiss"]
[EventCountry "GBR"]
[SourceTitle "playchess.com"]
[Source "ChessBase"]
[SourceQuality "1"]

{[%evp 23,51,22,84,30,41,48,45,52,76,67,85,74,58,45,45,29,34,31,49,38,38,38,43,36,57,40,40,39,34,0]} 1. Nf3 Nf6 2. g3 g6 3. Bg2 Bg7 4. c4 O-O 5. d4 d6 6. Nc3 Nbd7 7. O-O e5 8. e4 c6 9. h3 Qa5 10. Re1 exd4 11. Nxd4 Ne5 12. Bf1 Qb6 {[#] LiveBook: 10 Games. E69: King's Indian: Fianchetto: 6...Nbd7 7 0-0 e5 8 e4 c6 9 h3} (12... Re8 $11) 13. Kg2 (13. Be3 $1 $16) (13. Be3 c5 14. Nb3 Be6 15. Nd5 Bxd5 16. exd5 Rae8 17. Kg2 Re7 18. Qc2 Rfe8 19. Bd2 Qd8 20. a4 {0-1 (38) Howell,D (2676)-McShane,L (2640) London 2017}) 13... Re8 14. Be3 $146 {Strongly threatening Ndb5.} ({Predecessor:} 14. b3 a6 15. Be3 Qc7 16. Rc1 {½-½ (16) Pantovic,D (2136)-Martic,I (2362) Belgrade 2016}) 14... c5 ({Don't play} 14... Qxb2 15. Qb3 $15) 15. Ndb5 {[%cal Bd4b5,Bb5c3,Bc3a4,Ba4b6,Bb6d7][%mdl 32]} Rd8 16. Bg5 Be6 $1 17. Nd5 Bxd5 18. cxd5 a6 19. Nc3 Qxb2 20. Na4 {White is slightly better.} Qd4 21. Qxd4 cxd4 22. Nb6 Rab8 23. Rab1 {[%mdl 1024] And now f4 would win. White has compensation.} d3 24. f4 d2 25. Red1 Ned7 26. Nxd7 {Precision: White = 69%, Black = 53%.} 1/2-1/2

[Event "1st 4NCL International Open"]
[Site "Telford"]
[Date "2018.11.02"]
[Round "2"]
[White "Dgebuadze, Alexandre"]
[Black "Eggleston, David J"]
[Result "1/2-1/2"]
[WhiteElo "2484"]
[BlackElo "2406"]
[Annotator "RC"]
[PlyCount "51"]
[EventDate "2018.10.31"]
[EventType "swiss"]
[EventCountry "GBR"]
[SourceTitle "playchess.com"]
[Source "ChessBase"]
[SourceQuality "1"]
[TimeControl "5400+30"]

1. d4 {[%emt 0:00:00]} Nf6 {[%emt 0:02:35]} 2. Nf3 {[%emt 0:00:08]} e6 {[%emt 0:01:17]} 3. c3 {[%emt 0:01:12]} b6 {[%emt 0:00:59]} 4. Bg5 {[%emt 0:00:19]} Bb7 {[%emt 0:00:21]} 5. Nbd2 {[%emt 0:00:20]} Be7 {[%emt 0:01:28]} 6. e3 {[%emt 0:02:13]} c5 {[%emt 0:02:37]} 7. Bd3 {[%emt 0:00:23]} d6 {[%emt 0:02:46]} 8. O-O {[%emt 0:06:40]} Nbd7 {[%emt 0:00:43]} 9. Re1 {[%emt 0:04:13]} h6 {[%emt 0:01:30]} 10. Bxf6 {[%emt 0:00:18]} Bxf6 {[%emt 0:03:38]} 11. Ne4 {[%emt 0:12:18]} Be7 {[%emt 0:00:19]} 12. Ng3 {[%emt 0:01:57]} O-O {[%emt 0:10:30]} 13. e4 {[%emt 0:00:23]} cxd4 {[%emt 0:00:13]} 14. cxd4 {[%emt 0:03:42]} a6 {[%emt 0:03:22]} 15. Qe2 {[%emt 0:01:47]} Re8 {[%emt 0:08:28]} 16. a3 {[%emt 0:12:02]} Bf8 {[%emt 0:04:41]} 17. Rad1 {[%emt 0:03:06]} b5 {[%emt 0:06:07]} 18. Bb1 {[%emt 0:01:06]} Qc7 {[%emt 0:07:14]} 19. e5 {[%emt 0:04:11]} g6 {[%emt 0:05:24]} 20. h4 {[%emt 0:11:36]} dxe5 {[%emt 0:16:05]} 21. h5 {[%emt 0:00:59]} g5 {[%emt 0:00:30]} 22. Rc1 {[%emt 0:10:52]} Qb8 {[%emt 0:02:51]} 23. Qd3 {[%emt 0:06:23]} Bg7 {[%emt 0:02:17]} 24. Qh7+ {[%emt 0:04:06]} Kf8 {[%emt 0:00:01]} 25. Nxe5 {[%emt 0:00:16]} Nf6 {[%emt 0:03:51]} 26. Qc2 {[%emt 0:06:24]} 1/2-1/2

[Event "1st 4NCL International Open"]
[Site "Telford"]
[Date "2018.11.02"]
[Round "2"]
[White "Fernandez, Daniel Howard"]
[Black "Rahul Srivatshav P"]
[Result "1-0"]
[WhiteElo "2461"]
[BlackElo "2395"]
[Annotator "RC"]
[PlyCount "81"]
[EventDate "2018.10.31"]
[EventType "swiss"]
[EventCountry "GBR"]
[SourceTitle "playchess.com"]
[Source "ChessBase"]
[SourceQuality "1"]
[TimeControl "5400+30"]

1. d4 {[%emt 0:10:07]} Nf6 {[%emt 0:00:23]} 2. Bg5 {[%emt 0:04:01]} g6 {[%emt 0:00:21]} 3. Bxf6 {[%emt 0:02:32]} exf6 {[%emt 0:00:08]} 4. e3 {[%emt 0:00:43]} d5 {[%emt 0:00:14]} 5. h4 {[%emt 0:02:45]} h5 {[%emt 0:00:56]} 6. c4 {[%emt 0:03:56]} dxc4 {[%emt 0:01:59]} 7. Bxc4 {[%emt 0:00:46]} Bd6 {[%emt 0:00:23]} 8. Nc3 {[%emt 0:00:18]} c6 {[%emt 0:00:37]} 9. Nge2 {[%emt 0:04:00]} Nd7 {[%emt 0:14:16]} 10. a3 {[%emt 0:04:22]} Qe7 {[%emt 0:04:56]} 11. g3 {[%emt 0:05:12]} Nb6 {[%emt 0:02:31]} 12. Ba2 {[%emt 0:09:19]} Bg4 {[%emt 0:06:32]} 13. Qd3 {[%emt 0:02:23]} O-O-O {[%emt 0:08:07]} 14. b4 {[%emt 0:03:46]} Rhe8 {[%emt 0:08:07]} 15. Kf1 {[%emt 0:01:04]} Bf3 {[%emt 0:07:37]} 16. Rh2 {[%emt 0:00:18]} Kb8 {[%emt 0:09:59]} 17. Ng1 {[%emt 0:05:30]} Bg4 {[%emt 0:00:24]} 18. Kg2 {[%emt 0:00:19]} g5 {[%emt 0:02:48]} 19. Nf3 {[%emt 0:03:34]} a6 {[%emt 0:03:12]} 20. Rhh1 {[%emt 0:02:21]} Nd7 {[%emt 0:01:55]} 21. Nh2 {[%emt 0:04:35]} Be6 {[%emt 0:04:45]} 22. Bxe6 {[%emt 0:03:27]} fxe6 {[%emt 0:00:11]} 23. hxg5 {[%emt 0:00:19]} fxg5 {[%emt 0:00:24]} 24. Ne4 {[%emt 0:01:50]} g4 {[%emt 0:04:29]} 25. Nf1 {[%emt 0:00:15]} Rh8 {[%emt 0:05:19]} 26. Nfd2 {[%emt 0:00:21]} Bc7 {[%emt 0:00:27]} 27. a4 {[%emt 0:03:12]} h4 {[%emt 0:03:29]} 28. gxh4 {[%emt 0:00:56]} Ne5 {[%emt 0:01:19]} 29. Qe2 {[%emt 0:00:10]} Ng6 {[%emt 0:00:03]} 30. h5 {[%emt 0:00:26]} Nh4+ {[%emt 0:00:10]} 31. Kf1 {[%emt 0:00:02]} Rdg8 {[%emt 0:01:50]} 32. Rg1 {[%emt 0:00:11]} Rxh5 {[%emt 0:02:05]} 33. Rxg4 {[%emt 0:00:13]} Ng6 {[%emt 0:00:52]} 34. Rg1 {[%emt 0:01:08]} Rgh8 {[%emt 0:00:16]} 35. b5 {[%emt 0:04:40]} Rh1 {[%emt 0:00:09]} 36. Qg4 {[%emt 0:00:26]} Rxg1+ {[%emt 0:01:45]} 37. Qxg1 {[%emt 0:00:03]} cxb5 {[%emt 0:00:31]} 38. axb5 {[%emt 0:00:23]} Qd7 {[%emt 0:02:08]} 39. Rb1 {[%emt 0:00:18]} Ne5 {[%emt 0:01:35]} 40. b6 {[%emt 0:02:03]} Bd8 {[%emt 0:02:13]} 41. Qg3 {[%emt 0:00:18]} 1-0

[Event "1st 4NCL International Open"]
[Site "Telford"]
[Date "2018.11.02"]
[Round "2"]
[White "Krishna C R G"]
[Black "Gourlay, Iain"]
[Result "1-0"]
[WhiteElo "2445"]
[BlackElo "2358"]
[Annotator "TA"]
[PlyCount "123"]
[EventDate "2018.10.31"]
[EventType "swiss"]
[EventCountry "GBR"]
[SourceTitle "playchess.com"]
[Source "ChessBase"]
[SourceQuality "1"]

{[%evp 12,123,0,0,-5,-20,0,-18,33,37,25,32,25,34,31,31,44,19,33,42,36,29,52,46,116,113,112,112,112,112,112,112,112,112,112,112,112,112,116,116,131,131,200,204,166,205,196,206,272,272,274,272,266,256,274,277,277,274,274,274,262,262,312,222,383,381,394,312,309,298,285,222,222,215,509,508,491,476,466,454,633,628,580,576,661,618,574,398,400,273,922,935,2311,1927,2175,1901,1710,1375,1430,1965,29970,29971,29977,29977,29976,29976,29980,29980,29981,29982,29982,29983,29983,29984]} 1. c4 c6 2. e4 d5 3. exd5 cxd5 4. cxd5 Nf6 5. Nc3 Nxd5 6. Qb3 {B10: Caro-Kann: 2 d3 and 2 c4} (6. Nf3 Nc6 7. Bb5 g6 8. Qa4 Nb6 9. Bxc6+ bxc6 10. Qxc6+ Bd7 11. Qe4 Bg7 12. O-O Bf5 13. Qc6+ Bd7 14. Qe4 Bf5 15. Qc6+ Bd7 16. Qe4 {½-½ (16) Piorun,K (2681)-Navara,D (2735) Gjakova 2016}) 6... e6 7. Nf3 {LiveBook: 8 Games} Be7 8. d4 {The position is equal.} Nc6 9. Bd3 Ndb4 ({Black should play} 9... O-O $11) 10. Be4 $14 Nxd4 11. Nxd4 Qxd4 12. Be3 Qe5 13. O-O {[%mdl 1024] White has compensation.} O-O 14. Rfe1 $146 ({Predecessor:} 14. Rad1 a5 15. f4 Qh5 16. Kh1 e5 {1-0 (30) Damm,K (2252)-Ottesen,P Esbjerg 2005}) 14... Qa5 15. a3 Nc6 16. Qc2 f5 17. b4 $36 {[%mdl 2048] White fights for an advantage.} Qc7 {[#]} ({Black should try} 17... Qd8 $1 $14 18. Bxc6 bxc6) 18. Nb5 $1 $16 {[%cal Rb5c7]} Qb8 19. Bxc6 bxc6 20. Qxc6 Qb7 {[#]} 21. Qxb7 $1 Bxb7 22. Nc7 (22. Bxa7 $6 Ba6 $11) ({Much worse is} 22. Nxa7 $6 Bf6 $14) 22... Bf6 23. Rad1 ({But not} 23. Nxe6 $6 Bxa1 24. Nxf8 Bc3 $11) 23... Rac8 24. Nxe6 Rfe8 25. Bxa7 Ra8 26. Bd4 Bxd4 (26... Rxa3 $16 27. Bxf6 gxf6) 27. Nxd4 $18 ({Don't play} 27. Rxd4 $6 Bc8 $16) 27... Rxe1+ 28. Rxe1 Rxa3 29. Nxf5 $16 {[%mdl 4096] Endgame And now Nd6 would win. KRB-KRN} Rb3 30. b5 g6 31. Nd6 Bd5 32. h3 Kg7 33. Re7+ Kf6 34. Rxh7 Ke5 35. Ne8 Rxb5 36. Re7+ Kf4 37. Nf6 Ba8 $2 (37... Kf5) 38. Ng4 $18 Kf5 39. Kh2 g5 40. Kg3 Rb3+ 41. f3 Rb5 42. Re8 Bc6 $2 (42... Bb7 43. Rh8 Kg6 44. Rh6+ Kg7) 43. Rf8+ Ke6 44. Rf6+ Kd7 45. Ne3 Re5 46. Nf5 Bb5 47. Kg4 Bf1 48. Rd6+ Ke8 49. Rd2 Ba6 50. Ra2 Bc8 $2 (50... Bd3 51. Ng3 Kf7 52. Ra7+ Kg6) 51. Ra8 Kd8 52. Rxc8+ Kxc8 53. Kxg5 {KR-KN} Kd7 54. f4 {[%cal Bf3f4,Bf4f5,Bf5f6][%mdl 32]} Re8 55. g4 Rh8 56. Nh6 {White mates.} Ke7 57. f5 Ra8 58. f6+ Kf8 59. h4 {[%cal Bh3h4,Bh4h5][%mdl 32]} Ra5+ 60. Kg6 Ra4 61. h5 Rb4 62. g5 {Precision: White = 91%, Black = 39%.} 1-0

[Event "1st 4NCL International Open"]
[Site "Telford"]
[Date "2018.11.02"]
[Round "2"]
[White "Haria, Ravi"]
[Black "White, Stuart A"]
[Result "1-0"]
[WhiteElo "2436"]
[BlackElo "2113"]
[Annotator "TA"]
[PlyCount "57"]
[EventDate "2018.10.31"]
[EventType "swiss"]
[EventCountry "GBR"]
[SourceTitle "playchess.com"]
[Source "ChessBase"]
[SourceQuality "1"]

{[%evp 19,57,13,18,10,16,13,17,8,13,12,12,12,13,15,15,12,19,13,13,13,152,130,180,186,340,324,415,346,496,387,649,654,796,784,928,885,861,840,812,787]} 1. Nf3 {Roiz,M} d5 2. g3 Bg4 3. Bg2 Nd7 4. h3 Bh5 5. d4 e6 6. O-O {A07: Réti Opening: New York and Capablanca Systems} Ngf6 7. c4 c6 8. cxd5 exd5 9. Qb3 Qb6 10. Qe3+ Be7 {LiveBook: 23 Games} 11. Nh4 {[#] aiming for Nf5.} Bg6 $146 12. Nc3 Qd8 13. b4 b5 {[%cal Bb7b5,Bb5b4][%mdl 32]} 14. a4 a5 15. bxa5 b4 $1 {[%cal Rb4c3]} 16. Na2 O-O 17. Nxg6 hxg6 18. Bd2 $36 {[%mdl 2048] White has some pressure.} Re8 19. Qb3 Bd6 (19... c5 $11 {remains equal.}) 20. Bxb4 Rb8 21. Qa3 c5 $2 {[#]} (21... Bc7 22. e3 Bxa5) 22. dxc5 $18 Be5 23. Rad1 Nf8 (23... Qc8 {was necessary.} 24. f4 Bc7) 24. Nc3 d4 $2 (24... Bxc3 25. Bxc3 Ne4) 25. Nb5 {White is clearly winning.} Ne6 26. a6 {[%cal Ba5a6,Ba6a7][%mdl 32]} Nh5 27. a7 Ra8 28. Bxa8 Qxa8 29. Qf3 {Precision: White = 76%, Black = 37%.} 1-0

[Event "1st 4NCL International Open"]
[Site "Telford"]
[Date "2018.11.02"]
[Round "2"]
[White "Pert, Richard G"]
[Black "Turner, Matthew J"]
[Result "1/2-1/2"]
[WhiteElo "2408"]
[BlackElo "2536"]
[Annotator "TA"]
[PlyCount "48"]
[EventDate "2018.10.31"]
[EventType "swiss"]
[EventCountry "GBR"]
[SourceTitle "playchess.com"]
[Source "ChessBase"]
[SourceQuality "1"]

{[%evp 23,25,41,78,33]} 1. d4 d5 2. c4 c6 3. Nc3 Nf6 4. Nf3 g6 5. cxd5 cxd5 6. Bf4 a6 7. e3 Bg7 8. h3 O-O 9. Bd3 Nc6 10. O-O Bf5 {D90: Grünfeld: 4 Nf3 Bg7 sidelines} 11. Bxf5 gxf5 12. Ne5 Rc8 {LiveBook: 16 Games} 13. Rc1 {[#]} {Predecessor:} e6 $146 14. Nd3 Qe7 15. Na4 Nd7 16. Nac5 Nxc5 17. Rxc5 b6 18. Rc3 Nb4 19. Nxb4 Qxb4 20. Rb3 Qa5 21. Ra3 Qb5 22. Rb3 Qa5 23. Ra3 Qb5 24. Rb3 Qa5 {½-½ (24) Buhmann,R (2601)-Rogic,D (2552) Austria 2015} 1/2-1/2

[Event "1st 4NCL International Open"]
[Site "Telford"]
[Date "2018.11.02"]
[Round "2"]
[White "Roberson, Peter T"]
[Black "Fodor, Tamas Jr."]
[Result "1-0"]
[WhiteElo "2396"]
[BlackElo "2520"]
[Annotator "TA"]
[PlyCount "89"]
[EventDate "2018.10.31"]
[EventType "swiss"]
[EventCountry "GBR"]
[SourceTitle "playchess.com"]
[Source "ChessBase"]
[SourceQuality "1"]

{[%evp 25,89,52,49,39,48,43,41,31,84,57,105,70,90,63,85,56,110,95,116,100,113,131,110,98,121,104,99,100,90,98,89,101,81,108,91,78,101,-157,-71,-258,-268,-420,-414,-410,-408,-375,0,0,0,0,0,0,61,60,54,90,95,85,69,49,29973,112,29973,29972,29991,29992]} 1. e4 e5 2. Nf3 Nc6 3. Bb5 a6 4. Ba4 Nf6 5. O-O Be7 6. Re1 b5 7. Bb3 d6 8. c3 O-O 9. h3 Nd7 10. d4 Nb6 11. Nbd2 {[%cal Bb1d2,Bd2f1,Bf1g3][%mdl 32]} Bf6 12. Nf1 Na5 {C92: Closed Ruy Lopez: 9...Be6, Karpov and Flohr-Zaitsev Variations} (12... Re8 13. d5 Na5 14. Bc2 c6 15. dxc6 Nxc6 16. Ne3 Be6 17. Qd3 g6 18. Rd1 Be7 19. Bb3 Rc8 20. Qe2 Qc7 {1-0 (58) Grandelius,N (2642)-Erdos,V (2585) Germany 2016}) 13. Bc2 c5 {LiveBook: 5 Games} 14. Ng3 g6 {White is slightly better.} 15. b3 Nc6 {[%cal Re5d4]} 16. Be3 Nd7 $146 ({Black should play} 16... exd4 $14 17. cxd4 cxd4 18. Nxd4 Bb7) ({Predecessor:} 16... Qe7 17. dxc5 dxc5 18. b4 Rd8 19. Qe2 Nd7 20. a4 Rb8 21. axb5 axb5 22. bxc5 Nxc5 {½-½ (47) Dainauskas,J (2280)-Ignatov,B (2364) ICCF email 2006}) 17. Qd2 Qc7 18. Rac1 Re8 19. Red1 Nd8 20. Nh2 Nf8 (20... h5 $14) 21. f4 exf4 22. Bxf4 b4 23. e5 dxe5 24. Ne4 Bg7 25. Bxe5 bxc3 26. Qg5 ({Weaker is} 26. Bxc7 cxd2 27. Rxd2 Nde6 $15) 26... Rxe5 27. dxe5 Nde6 28. Nf6+ Kh8 29. Qe3 Bb7 30. Qxc3 Nf4 31. Bd3 $2 {[%mdl 8192]} (31. Rd2 $16 {is forced if you want to stay better.}) 31... Bxg2 (31... Bxf6 $142 $1 32. exf6 Nxh3+ 33. Kh1 Nf2+ 34. Kg1 Qg3) 32. Qxc5 $2 (32. Bc4 $17) 32... Qb7 $19 {[%cal Rf4h3]} 33. Nhg4 {[#]} (33. Nf1 {was necessary.} Bh6 34. Kh2) 33... Bxf6 $1 34. exf6 Bxh3 {[%csl Gf4,Gh3][%cal Rb7g2]} 35. Qf2 N8e6 $2 (35... Bxg4 $2 36. Qxf4 Bxd1 37. Rxd1 $17) (35... Nxd3 $19 36. Rxd3 Bxg4) 36. Ne5 $11 Bg4 $1 37. Bf1 Bxd1 38. Rxd1 Qc7 (38... Rf8 $11) 39. Qe3 $1 $14 {Threatens to win with Rd7.} Kg8 {aiming for ...Rd8.} 40. Rd7 Qc2 41. Nxf7 ({Of course not} 41. Rxf7 $6 Qf5 $11) 41... Rf8 42. Qa7 {Nh6+ would kill now.} g5 $2 {[%mdl 8192] [#]} (42... Rxf7 $14 43. Rxf7 Qc5+ 44. Qxc5 Nxc5) 43. Nh6+ $1 Kh8 {[#]} 44. Rg7 $1 {[%mdl 512]} Nd8 (44... Nxg7 45. fxg7#) 45. Qe7 {Precision: White = 51%, Black = 50%.} 1-0

[Event "1st 4NCL International Open"]
[Site "Telford"]
[Date "2018.11.02"]
[Round "2"]
[White "Macklin, Paul"]
[Black "Gormally, Daniel W"]
[Result "0-1"]
[WhiteElo "2361"]
[BlackElo "2482"]
[Annotator "TA"]
[PlyCount "86"]
[EventDate "2018.10.31"]
[EventType "swiss"]
[EventCountry "GBR"]
[SourceTitle "playchess.com"]
[Source "ChessBase"]
[SourceQuality "1"]

{[%evp 13,86,-11,6,4,18,-1,-22,-11,-27,-44,-23,-49,-33,-32,-25,-20,-27,-50,47,47,50,57,55,39,72,64,78,0,0,0,0,0,0,-105,-93,-113,-99,-101,-109,-114,-116,-114,-112,-187,-105,-98,0,0,52,0,0,-20,0,-133,-133,-110,-85,-128,-124,-173,-190,-182,-183,-219,-227,-244,-210,-195,-200,-247,-183,-260,-248,-266,-256]} 1. e4 c5 2. Nc3 Nc6 3. Bb5 Nd4 4. Bc4 Nf6 (4... e6 5. Nge2 Ne7 6. Nxd4 cxd4 7. Ne2 Nc6 8. O-O a6 9. d3 d5 10. exd5 exd5 11. Bb3 Bd6 12. Nf4 Bxf4 13. Bxf4 O-O 14. Qf3 Be6 15. Rfe1 {1-0 (58) Cornette,M (2611)-Lenic,L (2662) chess.com INT 2018}) 5. d3 a6 6. a4 {B23: Closed Sicilian: Lines without g3} e6 7. Nge2 d5 {LiveBook: 5 Games} 8. Ba2 {The position is equal.} dxe4 9. Nxe4 $146 ({Predecessor:} 9. dxe4 b5 10. f3 Ra7 11. Nxd4 cxd4 12. Ne2 {0-1 (37) Dinev,D (2348)-Miladinovic,I (2554) Cetinje 2012}) 9... Nxe4 10. dxe4 Qa5+ 11. Nc3 Be7 12. O-O O-O 13. Bd2 {[%cal Bc1d2,Bd2a5,Ba5b6][%mdl 32]} Qc7 14. Ne2 Rd8 15. Ng3 Qd7 (15... b5 $15) 16. Ba5 $14 Re8 17. c3 $1 {[%cal Rc3d4]} Nc6 {[%cal Bd4c6,Bc6e5,Be5d3,Bd3f4][%mdl 32]} 18. Bb6 Ne5 19. a5 c4 20. Qh5 (20. b4 $16) 20... Qb5 $11 21. Qe2 Bc5 22. Bc7 Nd3 23. Rab1 (23. b4 $11 Re7 24. Bd8) 23... Qc6 24. Bb6 Bxb6 25. axb6 e5 $1 26. b3 Nf4 ({Don't play} 26... Qxb6 $6 27. bxc4 Qd8 28. Qe3 $11) 27. Qe3 Be6 28. Rfd1 (28. bxc4 $17 Red8 29. Rfd1) 28... Red8 (28... cxb3 $1 $19 29. Bxb3 Bxb3 30. Rxb3 Red8) 29. bxc4 $17 g6 ({Black should play} 29... Bxc4 $17 30. Bxc4 Qxc4) 30. Rd5 $1 $11 {[%cal Rd5e5]} f6 (30... Qa4 $11 31. Bb3 Qa3) 31. h4 ({White should try} 31. Rbd1 $1 $14 Bxd5 32. exd5) 31... Rac8 $36 {[%mdl 2048] Black has the initiative.} 32. Bb3 Kg7 33. Kh2 (33. Rbd1 $11 Bxd5 34. exd5) 33... Bxd5 $17 34. exd5 Qd7 35. f3 {[#]} Qe7 $1 36. Nf1 f5 37. g3 Nh5 38. Re1 Re8 39. Qf2 Nf6 40. Kg2 Qd6 41. Nd2 Re7 42. Ba4 {[#]} (42. Bd1 {was worth a try.}) 42... Qa3 $1 $19 {[%cal Ra3a4]} 43. Bb3 a5 {Precision: White = 47%, Black = 67%.} 0-1